01604cam a2200301Mi 45000010011000000030006000110050017000170080041000340200018000750200015000930200018001080200015001260350022001410400023001630820017001861000050002032450088002532460035003412500024003762640042004002640016004423000046004585040041005045200665005456500022012106500030012327000040012621183718201OCoLC20210304175651.0200715s2021 paua b 001 0 eng  a9780323597128 a0323597122 a9780323672801 a0323672809 a(OCoLC)1183718201 aAU@bengerdacAU@ 222a612bHJG1 aHall, John E.q(John Edward),d1946-eauthor.10aGuyton and Hall textbook of medical physiology /cJohn E. Hall and Michael E. Hall.3 aTextbook of medical physiology aFourteenth edition. 1aPhiladelphia, PA :bElsevier,c[2021] 4c℗♭2021. axix, 1132 pages :billustrations ;c29 cm aIncludes bibliographical references. aKnown for its clear presentation style, single-author voice, and focus on content most relevant to clinical and pre-clinical students, Guyton and Hall Textbook of Medical Physiology, 14th Edition, employs a distinctive format to ensure maximum learning and retention of complex concepts. A larger font size emphasizes core information, while supporting information, including clinical examples, are detailed in smaller font and highlighted in pale blue - making it easy to quickly skim the essential text or pursue more in-depth study. This two-tone approach, along with other outstanding features, makes this bestselling text a favorite of students worldwide. 0aHuman physiology. 0aPhysiology, Pathological.1 aHall, M. E.q(Michael E.),eauthor.